000 00292nam a22001337a 4500
008 171002b xxu||||| |||| 00| 0 eng d
020 _a9780023408144
041 _aeng
080 _25TH
_a37
100 _a47
101 _aEDU
245 _aEDUCATIONAL RESEARCH
_cGAY,L.R
942 _2udc
_cBK
999 _c31060
_d31060